1649 1497 1320 1427 1563 1537 1873 1264 1623 1116 1568 1419 1702 1717 1487 1891 1610 1200 1818 1001 1157 1586 1040 1933 1794 1444 1374 1281 1276 1573 1159 1901 1851 1699 1728 1049 1238 1916 1485 1943 1897 1639 1250 1346 1918 1291 1382 1847 1292 1902 1246 1906 1586 1764 1669 1349 1093 1836 1909 1871 1101 1904 1353 1716 1296 1665 1569 1026 1391 1225 1496 1625 1563 1934 1642 1298 1967 1226 1952 1966 1560 1789 1201 1284 1605 1652 1084 1690 1737 1119 1427 1120 1619 1714 1289 1817 1311 1979 1421 BCNSPRNW ULIB Ver.6.0+V

เปลี่ยนเป็นภาษาไทย

Change to English
 แสดงรายละเอียดบรรณานุกรม
  กลับหน้าหลัก

Brief Record : Get Marc (ISO 2709) : E-mail record : QR code < ปิดหน้าต่าง
LEADER : 00000nam 2200000uu 4500
001    13399114276
003     ULIB
008    110309s||||||||th 000 0 tha d
020    9749123727
060  4 QV766^bว862ย
100 0  วุฒิ วุฒิธรรมเวช
245 00 ย่อเภสัชกรรมไทยและสรรพคุณสมุนไพร/^cวุฒิ วุฒิธรรมเวช
250    พิมพ์ครั้งที่ 3
260    กรุงเทพฯ:^bศิลป์สยามบรรจุภัณฑ์และการพิมพ์,^c2552
300    224 หน้า
650  7 สมุนไพร
650  7 เภสัชกรรมไทย
945    ^p150^l0^i031291
995    ทศพร
999 ^a ใช้งานได้ทุกระบบ
รายการนี้ยังไม่มีแท็ก
คุณยังไม่ได้ล็อกอิน คุณสามารถมีกิจกรรมร่วมกับเว็บไซต์ได้ แต่ต้องล็อกอินก่อน ::
  ล็อกอิน

รายการสื่อสารสนเทศ

ลำดับที่ ประเภท เลขเรียก/บาร์โค้ด สถานที่ สถานะ
- ไม่พบข้อมูล -

รายการใกล้เคียง
    ผู้แต่ง [วุฒิ วุฒิธรรมเวช]

    หัวเรื่อง [สมุนไพร]
    หัวเรื่อง [เภสัชกรรมไทย]

BibComment


ยังไม่เคยถูกคอมเมนท์

คอมเมนท์ทรัพยากรรายการนี้
  คอมเมนท์: ย่อเภสัชกรรมไทยแล..


 Copyright 2026. Bcnsprnw @Library